000 00421pab a2200157 454500
008 180718b2002 xxu||||| |||| 00| 0 eng d
100 _aKawadia, Ganesh
245 _aTrends and direction of India's growth process (1980-81 to 1999-2000)
260 _c2002
300 _ap.28-36.
362 _aMar
650 _aEconomic growth - India
650 _aEconomic growth
773 _aMan and Development
909 _a52217
999 _c52217
_d52217